书目信息 |
| 题名: |
我从何来
|
|
| 作者: | 鲍迈斯特 著 ;梅凌婕 译 | |
| 分册: | ||
| 出版信息: | 北京 机械工业出版社 2024.11 |
|
| 页数: | 469页 | |
| 开本: | 23cm | |
| 丛书名: | ||
| 单 册: | ||
| 中图分类: | B017.9 | |
| 科图分类: | ||
| 主题词: | 心理学--研究 | |
| 电子资源: | ||
| ISBN: | 978-7-111-76262-1 | |
| 000 | 01100nam0 2200277 450 | |
| 001 | 013255719 | |
| 005 | 20251022152818.85 | |
| 010 | @a978-7-111-76262-1@dCNY109.00 | |
| 100 | @a20241120d2024 em y0chiy0120 ea | |
| 101 | 1 | @achi@ceng |
| 102 | @aCN@b110000 | |
| 105 | @ay z 000yy | |
| 106 | @ar | |
| 200 | 1 | @a我从何来@9wo cong he lai@e自我的心理学探问@dThe self explained@ewhy and how we become who we are@f(美)罗伊·F. 鲍迈斯特(Roy F. Baumeister)著@g梅凌婕译@zeng |
| 210 | @a北京@c机械工业出版社@d2024.11 | |
| 215 | @a469页@d23cm | |
| 300 | @a社会心理学家经典作品 | |
| 305 | @aThe Guilford Press通过BIG APPLE AGENCY授权出版 | |
| 330 | @a本书汇聚心理学、哲学、社会学等多学科知识,呈现了人类自我的全景——它是如何发展和运作的,它为什么存在,以及它在人生旅途中会遇到什么问题。 | |
| 510 | 1 | @aSelf explained@ewhy and how we become who we are@zeng |
| 606 | 0 | @a心理学@x研究 |
| 690 | @aB017.9@v5 | |
| 701 | 0 | @c(美)@a鲍迈斯特@9bao mai si te@c(Baumeister, Roy F.)@4著 |
| 702 | 0 | @a梅凌婕@9mei ling jie@4译 |
| 801 | 0 | @aCN@c20250909 |
| 905 | @a河南城建学院图书馆@dB017.9@eB302@ZB302@f1 | |
| 我从何来:自我的心理学探问=The self explained:why and how we become who we are/(美)罗伊·F. 鲍迈斯特(Roy F. Baumeister)著/梅凌婕译.-北京:机械工业出版社,2024.11 |
| 469页;23cm |
| 社会心理学家经典作品 |
| ISBN 978-7-111-76262-1:CNY109.00 |
| 本书汇聚心理学、哲学、社会学等多学科知识,呈现了人类自我的全景——它是如何发展和运作的,它为什么存在,以及它在人生旅途中会遇到什么问题。 |
| ● |
| 相关链接 |
|
|
|
正题名:我从何来
索取号:B017.9/B302
 
预约/预借
| 序号 | 登录号 | 条形码 | 馆藏地/架位号 | 状态 | 备注 |
| 1 | 1632932 | 216329328 | 社科库509/509社科库 7排2列2层/ [索取号:B017.9/B302] | 在馆 |